[Event "2. liga D 17/18, Pivovar Dalesice-Lipa"]
[Site ""]
[Date "2017.10.15"]
[Round "1.6"]
[White "Novak, Ludek"]
[Black "Bradac, Roman"]
[WhiteElo "1932"]
[BlackElo "2027"]
[Result "1/2-1/2"]
[PlyCount "89"]

1. d4 Nf6 2. c4 e6 3. Nf3 Bb4+ 4. Bd2 Qe7 5. g3 O-O 6. Bg2
Bxd2+ 7. Nbxd2 d6 8. O-O e5 9. dxe5 dxe5 10. Qc2 Nc6 11. e3 Bg4 12. a3 a5 13.
Qc3 Rad8 14. b4 axb4 15. axb4 Qxb4 16. Qxb4 Nxb4 17. Ra7 c5 18. Nb3 Bxf3 19.
Bxf3 e4 20. Bg2 b6 21. Rb7 Rb8 22. Rxb8 Rxb8 23. Nd2 Re8 24. Ra1 g6 25. h3 Nd3
26. Rb1 Re6 27. Ra1 Ne5 28. Ra4 Nc6 29. Kf1 Na5 30. Ke2 Kf8 31. h4 h5 32. Ra1
Ke7 33. Rd1 Nb7 34. Ra1 Nd6 35. Bh3 Ng4 36. Ra6 Ne8 37. Nb1 f5 38. Bxg4 fxg4
39. Nc3 Nc7 40. Ra1 Kd6 41. Rd1+ Ke5 42. Rd7 Na6 43. Nd5 Nb4 44. Nxb4 cxb4 45.
Rd5+ 1/2-1/2

[Event "2. liga D 17/18, Pivovar Dalesice-Lipa"]
[Site ""]
[Date "2017.10.15"]
[Round "1.7"]
[White "Svizensky, Lubos"]
[Black "Kaisler, Martin"]
[WhiteElo "1976"]
[BlackElo "2049"]
[Result "0-1"]
[PlyCount "52"]

1. d4 Nf6 2. Nf3 g6 3. c4 Bg7 4. Nc3 d6 5. e4 O-O 6. Be2
e5 7. O-O Nc6 8. d5 Ne7 9. Ne1 Ne8 10. Nd3 f5 11. Bd2 f4 12. Rc1 g5 13. f3 h5
14. c5 Rf6 15. Nb5 Rg6 16. Qc2 g4 17. cxd6 cxd6 18. Nc7 Nxc7 19. Qxc7 Qf8 20.
Bb4 Qf6 21. Qd8+ Bf8 22. Rc7 g3 23. h3 Bxh3 24. Qxa8 Qh4 25. Bxd6 Bc8 26. Bxe7
Qh2# 0-1

[Event "2. liga D 17/18, Pivovar Dalesice-Lipa"]
[Site ""]
[Date "2017.10.15"]
[Round "1.8"]
[White "Ruda, Ondrej"]
[Black "Cieslak, Leszek"]
[WhiteElo "2041"]
[BlackElo "1934"]
[Result "1-0"]
[PlyCount "55"]

1. e4 c5 2. Nc3 d6 3. f4 g6 4. Nf3 Bg7 5. Bb5+ Bd7 6.
Bxd7+ Qxd7 7. O-O Nc6 8. d3 Nf6 9. Qe1 O-O 10. Nd1 Nd4 11. Nxd4 cxd4 12. f5
Rac8 13. c4 dxc3 14. Nxc3 Qc7 15. Qh4 Rfd8 16. Kh1 Qa5 17. Bg5 Qb4 18. fxg6
fxg6 19. Rab1 Qd4 20. Qh3 Kh8 21. Rbe1 Rf8 22. Rf3 Qb4 23. Bc1 Nh5 24. Ref1 Nf6
25. a3 Qd4 26. Ne2 Qe5 27. Nf4 Rc2 28. Nxg6+ 1-0

[Event "2. liga D 17/18, Polabiny C-Hradec Kralove B"]
[Site ""]
[Date "2017.10.15"]
[Round "1.1"]
[White "Hrabusa, Matej"]
[Black "Nun, Jiri"]
[WhiteElo "2359"]
[BlackElo "2299"]
[Result "0-1"]
[PlyCount "98"]

1. d4 c5 2. d5 e5 3. e4 d6 4. Nc3 a6 5. a4 Be7 6. Be2 Bg5 7. Nf3 Bxc1 8. Qxc1
Ne7 9. Nd2 Nd7 10. Bg4 O-O 11. O-O Nf6 12. Bxc8 Rxc8 13. Nc4 Nh5 14. a5 f5 15.
Qd1 Nf4 16. g3 Nh3+ 17. Kg2 Ng5 18. exf5 Nxf5 19. Qg4 Nd4 20. Rac1 Rc7 21. h4
Ngf3 22. Ne4 Rcf7 23. Ncxd6 Rd7 24. c3 Rxd6 25. cxd4 Rg6 26. Qxf3 Rxf3 27. Kxf3
Qxd5 28. dxe5 Rc6 29. Rfd1 Qxe5 30. Rd8+ Kf7 31. Rd7+ Kg6 32. g4 h5 33. gxh5+
Kh6 34. Rcd1 Qxh5+ 35. Ke3 Qxh4 36. Rxb7 Re6 37. f3 Rxe4+ 38. fxe4 Qg3+ 39. Kd2
Qf4+ 40. Kd3 Qf3+ 41. Kd2 Qf4+ 42. Kd3 c4+ 43. Kd4 Qd6+ 44. Kxc4 Qc6+ 45. Kd4
Qxb7 46. Rh1+ Kg5 47. Rg1+ Kf6 48. e5+ Kf5 49. Rf1+ Ke6 0-1

[Event "2. liga D 17/18, Polabiny C-Hradec Kralove B"]
[Site ""]
[Date "2017.10.15"]
[Round "1.2"]
[White "Pokorny, Zdenek"]
[Black "Machan, Jan"]
[WhiteElo "2227"]
[BlackElo "2294"]
[Result "1/2-1/2"]
[PlyCount "36"]

1. e4 c6 2. Nc3 d5 3. Nf3 Bg4 4. h3 Bxf3 5. Qxf3 e6 6. d3 Nf6 7. Bd2 Bb4 8. e5
Nfd7 9. Qg4 Bf8 10. f4 b5 11. h4 h5 12. Qh3 b4 13. Nd1 Be7 14. Be2 c5 15. c4
bxc3 16. bxc3 Nc6 17. g3 g6 18. O-O Rb8 1/2-1/2

[Event "2. liga D 17/18, Polabiny C-Hradec Kralove B"]
[Site ""]
[Date "2017.10.15"]
[Round "1.3"]
[White "Bulockin, Martin"]
[Black "Safarik, Jakub"]
[WhiteElo "2175"]
[BlackElo "2194"]
[Result "0-1"]
[PlyCount "62"]

1. e4 c5 2. Nf3 d6 3. d4 cxd4 4. Nxd4 Nf6 5. Nc3 a6 6. Be3 e6 7. Be2 Be7 8. O-O
Qc7 9. f4 Nbd7 10. Bf3 Nb6 11. Qc1 Bd7 12. e5 dxe5 13. fxe5 Qxe5 14. Nb3 Qc7
15. Bf4 e5 16. Bg3 O-O 17. Re1 Bd6 18. Nd2 Rae8 19. Kh1 Bc6 20. Nce4 Nxe4 21.
Bxe4 f5 22. Bxc6 Qxc6 23. Bf2 Nd5 24. Qd1 e4 25. Bd4 Re6 26. c4 Nf4 27. Qb3 Kh8
28. c5 Bb8 29. Nc4 e3 30. Rg1 Ne2 31. Bxe3 Ng3+ 0-1

[Event "2. liga D 17/18, Polabiny C-Hradec Kralove B"]
[Site ""]
[Date "2017.10.15"]
[Round "1.4"]
[White "Novak, Radomir"]
[Black "Bujnoch, Radek"]
[WhiteElo "2113"]
[BlackElo "2198"]
[Result "0-1"]
[PlyCount "80"]

1. d4 d5 2. c4 c6 3. e3 Nf6 4. Nc3 e6 5. Nf3 Nbd7 6. cxd5 exd5 7. Bd3 Bd6 8.
O-O O-O 9. Rb1 Qe7 10. Qc2 Re8 11. b3 Ne4 12. Bb2 f5 13. Rbe1 Qf6 14. g3 Qh6
15. Kg2 Ndf6 16. h4 Ng4 17. Bxe4 fxe4 18. Ng5 Be7 19. Nh3 Rf8 20. Rh1 Rf3 21.
Nd1 Bd7 22. Qd2 Raf8 23. Bc3 Qd6 24. Nf4 g6 25. Re2 Be8 26. Qb2 h6 27. Be1 g5
28. hxg5 hxg5 29. Nh3 Kg7 30. a3 Qf6 31. Ng1 Bd6 32. Bb4 Rxg3+ 33. Kf1 Bxb4 34.
axb4 Rh8 35. Rxh8 Kxh8 36. Re1 Nh2+ 37. Ke2 Bh5+ 38. Kd2 Rxg1 39. Rxg1 Nf3+ 40.
Kc1 Nxg1 0-1

[Event "2. liga D 17/18, Polabiny C-Hradec Kralove B"]
[Site ""]
[Date "2017.10.15"]
[Round "1.5"]
[White "Mojzis, Jaroslav"]
[Black "Solc, Filip"]
[WhiteElo "2107"]
[BlackElo "1999"]
[Result "1-0"]
[PlyCount "123"]

1. Nf3 Nf6 2. c4 c5 3. g3 g6 4. Bg2 Bg7 5. O-O O-O 6. d4 cxd4 7. Nxd4 Nc6 8.
Nc3 d6 9. Nc2 Bd7 10. b3 Ng4 11. Bb2 Qa5 12. Qd2 Qh5 13. h3 Nf6 14. Nd5 Nxd5
15. Bxg7 Kxg7 16. cxd5 Nb8 17. Qc3+ Kg8 18. Qc7 Bxh3 19. Bxh3 Qxh3 20. Qxe7 Qd7
21. Qf6 Re8 22. Ne3 Na6 23. Kg2 Re5 24. Rh1 Qe7 25. Qxe7 Rxe7 26. Rac1 Rd8 27.
Rc4 Nc5 28. b4 Ne4 29. Rhc1 Kg7 30. Rc7 Rdd7 31. Rxd7 Rxd7 32. Rc8 f5 33. f3
Nf6 34. Kf2 Kf7 35. b5 Ke7 36. Ra8 b6 37. Rc8 Rd8 38. Rc7+ Rd7 39. Rc6 Ne8 40.
Ke1 Nf6 41. Kf2 Ne8 42. a4 Nc7 43. Ke1 Kf6 44. Kd2 g5 45. f4 gxf4 46. gxf4 Ne8
47. Nc4 Ke7 48. Kd3 h5 49. Ne3 Kf6 50. Rc1 Re7 51. Rh1 Rh7 52. Rh3 Kg6 53. Ng2
Nf6 54. Nh4+ Kf7 55. Kd4 Ne8 56. Nxf5 Kf6 57. e4 Rh8 58. Ng3 Ng7 59. e5+ dxe5+
60. fxe5+ Kg5 61. Ne4+ Kg4 62. Rg3+ 1-0

[Event "2. liga D 17/18, Polabiny C-Hradec Kralove B"]
[Site ""]
[Date "2017.10.15"]
[Round "1.6"]
[White "Nosek, Jan"]
[Black "Ludvik, Tomas"]
[WhiteElo "1990"]
[BlackElo "2092"]
[Result "1-0"]
[PlyCount "93"]

1. Nf3 Nf6 2. d4 d5 3. g3 e6 4. Bg2 Be7 5. O-O O-O 6. c4 dxc4 7. Qc2 a6 8. a4
Nbd7 9. Rd1 c5 10. a5 cxd4 11. Rxd4 Bc5 12. Rxc4 Qe7 13. Bg5 Bd6 14. Nc3 h6 15.
Be3 Nd5 16. Bd4 Nb4 17. Qd2 e5 18. Be3 Nf6 19. Rd1 Be6 20. Qxd6 Qxd6 21. Rxd6
Bxc4 22. Nxe5 Be6 23. Bc5 Nc6 24. Nxc6 bxc6 25. Bxc6 Rab8 26. b4 Rfc8 27. Bf3
Nd7 28. Na4 Nxc5 29. Nxc5 Bh3 30. Rb6 Rd8 31. Rxb8 Rxb8 32. Bb7 Rd8 33. f3 Be6
34. Bxa6 Rd4 35. b5 Rd1+ 36. Kf2 Ra1 37. b6 Bd5 38. Bb7 Rxa5 39. Bxd5 Rxc5 40.
b7 Rb5 41. Ke3 Kf8 42. Kd4 Ke7 43. Bc6 Rb2 44. Kc5 Kd8 45. Kd6 Rd2+ 46. Bd5 Rb2
47. e4 1-0

[Event "2. liga D 17/18, Polabiny C-Hradec Kralove B"]
[Site ""]
[Date "2017.10.15"]
[Round "1.7"]
[White "Pulpan, Matej"]
[Black "Nun, Josef"]
[WhiteElo "2067"]
[BlackElo "2182"]
[Result "1-0"]
[PlyCount "37"]

1. e4 c6 2. Nf3 g6 3. d4 Bg7 4. Bd3 d5 5. exd5 cxd5 6. Ne5 Nc6 7. Nxc6 bxc6 8.
c3 Qb6 9. O-O Ba6 10. Re1 Nf6 11. Qe2 O-O 12. Bxa6 Rfe8 13. Bd3 Rab8 14. Nd2 e5
15. dxe5 Nd7 16. Nf3 Nxe5 17. Nxe5 Rxe5 18. Be3 Qxb2 19. Rab1 1-0

[Event "2. liga D 17/18, Polabiny C-Hradec Kralove B"]
[Site ""]
[Date "2017.10.15"]
[Round "1.8"]
[White "Marek, Petr"]
[Black "Cach, Jakub"]
[WhiteElo "1967"]
[BlackElo "1980"]
[Result "0-1"]
[PlyCount "108"]

1. e4 e6 2. f4 d5 3. e5 c5 4. Nf3 Nc6 5. c3 d4 6. d3 Nh6 7. Be2 Be7 8. O-O O-O
9. Na3 b6 10. Nc2 Bb7 11. Qe1 Qd7 12. c4 f6 13. Qg3 Nf5 14. Qh3 Qc7 15. g4 Nh6
16. exf6 Bd6 17. fxg7 Rf6 18. g5 Rg6 19. Nh4 Rxg7 20. Qxe6+ Nf7 21. Bh5 Rf8 22.
Nf5 Bc8 23. Nh6+ Kh8 24. Nxf7+ Rgxf7 25. Qe4 Rg7 26. h4 Ne7 27. Qf3 Ng6 28.
Bxg6 hxg6 29. Ne1 Bb7 30. Qg4 Rgf7 31. Ng2 Bxg2 32. Kxg2 Bxf4 33. Bxf4 Rxf4 34.
Rxf4 Rxf4 35. Qg3 Qc6+ 36. Kg1 Qf3 37. Qxf3 Rxf3 38. Rd1 Rh3 39. Kg2 Rxh4 40.
Kg3 Rh5 41. Kf4 Kg7 42. Rd2 Rh3 43. a3 Kf7 44. b4 Ke6 45. bxc5 bxc5 46. a4 Kd6
47. Kg4 Re3 48. Rf2 Rxd3 49. Rf6+ Ke5 50. Rc6 Re3 51. Rxc5+ Ke4 52. Rc8 d3 53.
c5 d2 54. Re8+ Kd3 0-1

[Event "2. liga D 17/18, Stefanydes Policka-Snezka Nachod"]
[Site ""]
[Date "2017.10.15"]
[Round "1.1"]
[White "Cerveny, Petr"]
[Black "Cerny, David"]
[WhiteElo "2309"]
[BlackElo "2113"]
[Result "1-0"]
[PlyCount "61"]

1. e4 c5 2. Nf3 d6 3. Bb5+ Bd7 4. Bxd7+ Qxd7 5. c4 Nf6
6. Nc3 Nc6 7. d4 cxd4 8. Nxd4 g6 9. f3 Bg7 10. Nde2 O-O 11. O-O Rfd8 12. Bg5 e6
13. Qd2 a6 14. Rfd1 Ne7 15. e5 Ne8 16. exd6 f6 17. Bf4 Nf5 18. Ng3 e5 19. Nxf5
Qxf5 20. Qd5+ Kh8 21. Be3 Rxd6 22. Qxb7 Qc8 23. Qxc8 Rxc8 24. c5 Rdc6 25. Nd5
Rb8 26. b4 Nc7 27. Nxc7 Rxc7 28. Rd6 Kg8 29. Rb6 Rcb7 30. Rxb7 Rxb7 31. c6 1-0

[Event "2. liga D 17/18, Stefanydes Policka-Snezka Nachod"]
[Site ""]
[Date "2017.10.15"]
[Round "1.2"]
[White "Mojzis, Jan"]
[Black "Komarek, David"]
[WhiteElo "2178"]
[BlackElo "2156"]
[Result "1/2-1/2"]
[PlyCount "30"]

1. e4 e6 2. d4 d5 3. Nd2 Nf6 4. e5 Nfd7 5. Bd3 c5 6.
c3 Nc6 7. Ne2 cxd4 8. cxd4 f6 9. exf6 Nxf6 10. Nf3 Qc7 11. Bf4 Bb4+ 12. Bd2 Bd6
13. Rc1 O-O 14. Ng3 Qb6 15. Bc3 Bf4 1/2-1/2

[Event "2. liga D 17/18, Stefanydes Policka-Snezka Nachod"]
[Site ""]
[Date "2017.10.15"]
[Round "1.3"]
[White "Svanda, Ondrej"]
[Black "Cechura, Petr"]
[WhiteElo "2040"]
[BlackElo "2172"]
[Result "0-1"]
[PlyCount "86"]

1. e4 c5 2. Nc3 a6 3. f4 b5 4. Nf3 Bb7 5. d3 e6 6. Qe2
Nc6 7. g3 Nd4 8. Nxd4 cxd4 9. Nd1 Rc8 10. Bg2 Bb4+ 11. c3 dxc3 12. bxc3 Rxc3
13. O-O Rc8 14. Qg4 Bf8 15. Bb2 Nf6 16. Qe2 Be7 17. Ne3 O-O 18. e5 Bxg2 19.
Kxg2 Ne8 20. f5 f6 21. d4 exf5 22. Nxf5 g6 23. Ne3 d5 24. Rac1 Rxc1 25. Rxc1
fxe5 26. dxe5 d4 27. Ng4 Qd5+ 28. Kh3 h5 29. Nf2 Ng7 30. Rd1 g5 31. Rxd4 Rxf2
32. Qxf2 g4+ 33. Rxg4 hxg4+ 34. Kxg4 Qxa2 35. Qd4 Qe6+ 36. Kf3 a5 37. g4 b4 38.
Kf4 a4 39. h4 a3 40. Ba1 b3 41. h5 Qf7+ 42. Kg3 Ne6 43. Qd2 Qf4+ 0-1

[Event "2. liga D 17/18, Stefanydes Policka-Snezka Nachod"]
[Site ""]
[Date "2017.10.15"]
[Round "1.4"]
[White "Vrnata, Jiri"]
[Black "Kastner, Oldrich"]
[WhiteElo "2057"]
[BlackElo "2039"]
[Result "1-0"]
[PlyCount "97"]

1. d4 e6 2. Bf4 c5 3. e3 Qb6 4. Nc3 cxd4 5. Nb5 d6 6.
Qxd4 Qxd4 7. exd4 Kd7 8. c4 Nf6 9. c5 Ne8 10. Nf3 f6 11. O-O-O d5 12. Bd3 Nc6
13. h4 g6 14. Rhe1 b6 15. cxb6 axb6 16. Kb1 Nb4 17. a3 Nxd3 18. Rxd3 Be7 19.
Rde3 Kd8 20. Rc3 Bd7 21. Nc7 Nxc7 22. Bxc7+ Ke8 23. Bxb6 Rb8 24. Bc5 Bd8 25.
Ree3 Kf7 26. g4 h6 27. Rb3 Bc7 28. Ba7 Rxb3 29. Rxb3 Bc8 30. Rc3 Bf4 31. Ne1 e5
32. Rc7+ Ke6 33. Nd3 Kd6 34. Bb8 Ba6 35. Rc8+ Kd7 36. Rxh8 Bxd3+ 37. Ka2 Be2
38. Rh7+ Ke6 39. b4 Bxg4 40. b5 Be2 41. b6 Ba6 42. b7 Kf5 43. Bd6 Bxb7 44. Rxb7
g5 45. hxg5 Bxg5 46. a4 Bh4 47. a5 Bxf2 48. dxe5 d4 49. Rf7 1-0

[Event "2. liga D 17/18, Stefanydes Policka-Snezka Nachod"]
[Site ""]
[Date "2017.10.15"]
[Round "1.5"]
[White "Lorenc, Oldrich"]
[Black "Velecky, Viktor"]
[WhiteElo "2080"]
[BlackElo "2050"]
[Result "1-0"]
[PlyCount "69"]

1. Nf3 d5 2. d4 Nf6 3. Bf4 e6 4. e3 c5 5. c3 Nc6 6.
Nbd2 Be7 7. dxc5 Bxc5 8. Bd3 Qe7 9. Ne5 Nd7 10. Nxc6 bxc6 11. O-O e5 12. Bg3 h5
13. h3 e4 14. Be2 h4 15. Bh2 Ne5 16. Kh1 O-O 17. b4 Bb6 18. Nb3 Qf6 19. Nd4 c5
20. bxc5 Bxc5 21. Nb3 Bb6 22. Qxd5 Nc6 23. Qxe4 Bb7 24. Qf4 Qxc3 25. Bf3 Rac8
26. Qxh4 Bd8 27. Qh5 Bf6 28. Qb5 Ba8 29. Rac1 a6 30. Qa4 Qd3 31. Rfd1 Qb5 32.
Qxb5 axb5 33. Bd6 Rfd8 34. Bg4 Rxd6 35. Rxd6 1-0

[Event "2. liga D 17/18, Stefanydes Policka-Snezka Nachod"]
[Site ""]
[Date "2017.10.15"]
[Round "1.6"]
[White "Cerha, Michal"]
[Black "Houska, Bronislav"]
[WhiteElo "2048"]
[BlackElo "2032"]
[Result "1/2-1/2"]
[PlyCount "78"]

1. e4 d6 2. d4 Nf6 3. Nc3 g6 4. Be3 Bg7 5. f3 O-O 6.
Qd2 e5 7. dxe5 dxe5 8. O-O-O Qxd2+ 9. Rxd2 c6 10. Bc4 Re8 11. Nge2 Nbd7 12.
Rhd1 Bf8 13. g4 Bc5 14. Bh6 Nf8 15. Rd8 Rxd8 16. Rxd8 Be7 17. Rd1 Ne6 18. Ng3
Nd4 19. Rd3 b5 20. Bb3 Ba6 21. Nce2 Nxe2+ 22. Nxe2 c5 23. Bd5 Rd8 24. Bc6 Rc8
25. Bd5 b4 26. Rd2 Nxd5 27. exd5 Rd8 28. Ng3 Bc4 29. d6 Rxd6 30. Rxd6 Bxd6 31.
Ne4 Be7 32. Be3 Be2 33. Nxc5 a5 34. Nd3 f6 35. Bb6 a4 36. Bc5 Bxc5 37. Nxc5
Bxf3 38. Nd7 Kf7 39. g5 Bc6 1/2-1/2

[Event "2. liga D 17/18, Stefanydes Policka-Snezka Nachod"]
[Site ""]
[Date "2017.10.15"]
[Round "1.7"]
[White "Komarkova, Magdalena"]
[Black "Sobotnik, Petr"]
[WhiteElo "2002"]
[BlackElo "1916"]
[Result "1/2-1/2"]
[PlyCount "90"]

1. e4 c6 2. d4 d5 3. exd5 cxd5 4. c4 Nf6 5. Nc3 Nc6 6.
Nf3 dxc4 7. Bxc4 e6 8. O-O Be7 9. Bf4 O-O 10. Re1 a6 11. d5 exd5 12. Nxd5 Nxd5
13. Bxd5 Bb4 14. Re4 a5 15. a3 Bc5 16. Rc1 Ba7 17. Qb3 Bf5 18. Re2 Rc8 19. Rd1
Qb6 20. Qa2 Qa6 21. Red2 Bg6 22. h3 Bb8 23. Bxb8 Rxb8 24. Nh4 Ne7 25. Bc4 Qf6
26. Nxg6 Nxg6 27. Qb3 Ne5 28. Rd6 Qf4 29. Bb5 Rbc8 30. Qa4 Qxa4 31. Bxa4 Nc4
32. Rd7 Nxb2 33. R1d4 Nxa4 34. Rxa4 b6 35. Rad4 Rb8 36. Ra7 Ra8 37. Rb7 Rab8
38. Ra7 g6 39. Rdd7 Kg7 40. Kh2 Kf6 41. Kg3 Ke6 42. Re7+ Kf6 43. Rec7 h5 44.
Kf4 Rbc8 45. Rcb7 Rb8 1/2-1/2

[Event "2. liga D 17/18, Stefanydes Policka-Snezka Nachod"]
[Site ""]
[Date "2017.10.15"]
[Round "1.8"]
[White "Pinkava, Josef"]
[Black "Stodola, Marek"]
[WhiteElo "1859"]
[BlackElo "1974"]
[Result "1/2-1/2"]
[PlyCount "115"]

1. e4 c5 2. Nf3 d6 3. c4 Nc6 4. d4 cxd4 5. Nxd4 Nf6 6.
Nc3 g6 7. Be2 Bg7 8. Be3 O-O 9. Rc1 Nxd4 10. Bxd4 Bh6 11. Rc2 e5 12. Be3 Bxe3
13. fxe3 Ne8 14. O-O Be6 15. Kh1 f5 16. exf5 gxf5 17. Rd2 Rc8 18. b3 a6 19. Bh5
Rc6 20. e4 Ng7 21. exf5 Rxf5 22. Bf3 Qf8 23. Kg1 Rc7 24. Rxd6 b5 25. Rd8 Ne8
26. Bh5 Rxf1+ 27. Qxf1 Qxf1+ 28. Kxf1 Bf7 29. Bxf7+ Kxf7 30. Nd5 Rb7 31. c5 Ke6
32. b4 a5 33. bxa5 Ra7 34. c6 Rf7+ 35. Ke2 Nc7 36. Nxc7+ Rxc7 37. Rb8 Rxc6 38.
Rxb5 Rc2+ 39. Kf3 Rxa2 40. h3 h5 41. g4 Ra3+ 42. Ke4 Ra4+ 43. Kf3 Ra3+ 44. Kg2
hxg4 45. hxg4 Kf6 46. Kf2 Kg5 47. Rxe5+ Kxg4 48. Ke2 Kf4 49. Rh5 Ke4 50. Kd2
Kd4 51. Kc2 Kc4 52. Kb2 Rb3+ 53. Ka2 Rb5 54. Rh4+ Kc5 55. Ra4 Rb7 56. Rh4 Ra7
57. Rh5+ Kb4 58. Kb2 1/2-1/2

[Event "2. liga D 17/18, CHS Chotebor-Snezka Nachod"]
[Site ""]
[Date "2017.11.05"]
[Round "2.1"]
[White "Riha, Vojtech"]
[Black "Cerny, David"]
[WhiteElo "2028"]
[BlackElo "2111"]
[Result "1-0"]
[PlyCount "79"]

1. e4 c5 2. Nf3 Nc6 3. d4 cxd4 4. Nxd4 Nf6 5. Nc3 d6 6. Nde2 e5 7. g3 Be7 8.
Bg2 O-O 9. O-O a6 10. a4 Bg4 11. h3 Be6 12. Nd5 Bxd5 13. exd5 Nb8 14. g4 g6 15.
Ng3 Ne8 16. Kh1 Nd7 17. Qe2 Bg5 18. b4 Ng7 19. c4 f5 20. c5 dxc5 21. bxc5 fxg4
22. c6 gxh3 23. Bxh3 Bxc1 24. Raxc1 bxc6 25. dxc6 Qh4 26. Qg4 Qxg4 27. Bxg4 Nb6
28. c7 Nf5 29. Bf3 Ra7 30. Nxf5 gxf5 31. Rg1+ Kh8 32. a5 Nc8 33. Rgd1 Kg7 34.
Rd8 Kf7 35. Bd5+ Ke7 36. Be6 Rxd8 37. cxd8=Q+ Kxd8 38. Rxc8+ Ke7 39. Bxf5 Rb7
40. Rc6 1-0

[Event "2. liga D 17/18, CHS Chotebor-Snezka Nachod"]
[Site ""]
[Date "2017.11.05"]
[Round "2.2"]
[White "Mojzis, Jan"]
[Black "Tuma, Jiri"]
[WhiteElo "2177"]
[BlackElo "2264"]
[Result "1/2-1/2"]
[PlyCount "47"]

1. e4 c5 2. Nf3 e6 3. d4 cxd4 4. Nxd4 d6 5. Nc3 Nc6 6. Be3 Nf6 7. Qd2 Be7 8. f3
a6 9. g4 O-O 10. O-O-O Nxd4 11. Bxd4 b5 12. Kb1 Bb7 13. g5 Nd7 14. h4 Rc8 15.
Bh3 b4 16. Ne2 Ne5 17. Qxb4 Qc7 18. Bxe5 dxe5 19. Qc3 Bc6 20. Nc1 Qb8 21. Qb3
Qc7 22. Qc3 Qb8 23. Qb3 Qc7 24. Qc3 1/2-1/2

[Event "2. liga D 17/18, CHS Chotebor-Snezka Nachod"]
[Site ""]
[Date "2017.11.05"]
[Round "2.3"]
[White "Vala, Filip"]
[Black "Cechura, Petr"]
[WhiteElo "2225"]
[BlackElo "2193"]
[Result "1/2-1/2"]
[PlyCount "40"]

1. d4 d5 2. Nf3 a6 3. Bg5 Nf6 4. e3 Bg4 5. c4 dxc4 6. Bxc4 e6 7. O-O Be7 8. Be2
Nbd7 9. Qb3 b5 10. Rd1 c5 11. dxc5 Bxc5 12. h3 Bh5 13. g4 Bg6 14. Ne5 Qb6 15.
Nxd7 Nxd7 16. Bf3 Rc8 17. Nc3 h5 18. Bf4 hxg4 19. hxg4 Nf6 20. Kg2 O-O 1/2-1/2

[Event "2. liga D 17/18, CHS Chotebor-Snezka Nachod"]
[Site ""]
[Date "2017.11.05"]
[Round "2.4"]
[White "Vrnata, Jiri"]
[Black "Ondracek, Ondrej"]
[WhiteElo "2066"]
[BlackElo "2106"]
[Result "0-1"]
[PlyCount "76"]

1. d4 d5 2. Bf4 Nf6 3. Nf3 Bf5 4. Nh4 Bg6 5. Nxg6 hxg6 6. Qd3 c6 7. Nc3 Qa5 8.
h3 e6 9. g4 Nbd7 10. Bg2 Be7 11. a3 a6 12. Qg3 Rc8 13. O-O c5 14. e4 cxd4 15.
exd5 dxc3 16. dxe6 fxe6 17. b4 Qb6 18. Rad1 O-O 19. Bd6 Rf7 20. Rfe1 Nf8 21. h4
Bxd6 22. Rxd6 Qc7 23. g5 Ne8 24. Rd3 Qxg3 25. Rxg3 Nd6 26. Rd3 Nf5 27. Re4 Re7
28. Kh2 Kf7 29. Kh3 Rcc7 30. Kg4 Red7 31. Rxd7+ Nxd7 32. Bf1 Nb6 33. h5 gxh5+
34. Kxh5 Nd5 35. Bd3 Nd6 36. Rd4 Nb5 37. Bg6+ Ke7 38. Rd3 Nf4+ 0-1

[Event "2. liga D 17/18, CHS Chotebor-Snezka Nachod"]
[Site ""]
[Date "2017.11.05"]
[Round "2.5"]
[White "Tuma, Jan"]
[Black "Velecky, Viktor"]
[WhiteElo "2068"]
[BlackElo "2040"]
[Result "0-1"]
[PlyCount "76"]

1. e4 e6 2. d4 d5 3. e5 c5 4. c3 Nc6 5. Nf3 Qb6 6. a3 cxd4 7. cxd4 Nge7 8. b4
Nf5 9. Be3 Be7 10. Bd3 f6 11. b5 Na5 12. Nc3 Nxe3 13. fxe3 Nc4 14. Bxc4 dxc4
15. Qa4 Bd7 16. exf6 gxf6 17. O-O Rc8 18. Nd2 a6 19. Qd1 axb5 20. Qh5+ Kd8 21.
Nde4 f5 22. Ng5 Bxg5 23. Qxg5+ Kc7 24. Rfb1 Rhg8 25. Qf4+ Qd6 26. Qh4 Rg7 27.
Nxb5+ Bxb5 28. Rxb5 Kb8 29. Qf2 c3 30. Ra2 Rgc7 31. Qc2 Qa6 32. a4 Rc4 33. Ra3
f4 34. exf4 Qd6 35. Ra1 Rxd4 36. Rab1 Rc7 37. Qb3 Qc6 38. Rc1 Rd2 0-1

[Event "2. liga D 17/18, CHS Chotebor-Snezka Nachod"]
[Site ""]
[Date "2017.11.05"]
[Round "2.6"]
[White "Semerak, Pavel"]
[Black "Petrus, Ludek"]
[WhiteElo "2006"]
[BlackElo "1961"]
[Result "0-1"]
[PlyCount "32"]

1. d4 e6 2. c4 Nf6 3. Nc3 Bb4 4. Nf3 c5 5. Bd2 O-O 6. e3 d5 7. Be2 Nc6 8. a3
Bxc3 9. bxc3 b6 10. O-O Ba6 11. Qa4 Na5 12. Ne5 Ne4 13. Rfd1 Qc7 14. Be1 f6 15.
f3 fxe5 16. fxe4 Bxc4 0-1

[Event "2. liga D 17/18, CHS Chotebor-Snezka Nachod"]
[Site ""]
[Date "2017.11.05"]
[Round "2.7"]
[White "Jun, Rudolf"]
[Black "Cerha, Michal"]
[WhiteElo "1933"]
[BlackElo "2048"]
[Result "1-0"]
[PlyCount "53"]

1. e4 c5 2. c4 Nc6 3. Nf3 d6 4. Nc3 g6 5. d4 cxd4 6. Nxd4 Bg7 7. Be3 Nf6 8. Be2
O-O 9. O-O Bd7 10. f3 Rc8 11. Qe1 a6 12. Qf2 Ne5 13. b3 b5 14. Nd5 bxc4 15.
Rac1 Nxd5 16. exd5 cxb3 17. axb3 Qa5 18. f4 Ng4 19. Bxg4 Bxg4 20. Nc6 Qc7 21.
Qh4 Qd7 22. Nxe7+ Kh8 23. Nxc8 Rxc8 24. Rc6 Re8 25. Bb6 Bf5 26. Re1 Be4 27. Qf2
1-0

[Event "2. liga D 17/18, CHS Chotebor-Snezka Nachod"]
[Site ""]
[Date "2017.11.05"]
[Round "2.8"]
[White "Sobotnik, Petr"]
[Black "Suchomelova, Simona"]
[WhiteElo "1918"]
[BlackElo "1895"]
[Result "0-1"]
[PlyCount "116"]

1. c4 e5 2. Nc3 Nf6 3. g3 d5 4. cxd5 Nxd5 5. Bg2 Ne7 6. d3 g6 7. Bg5 Qd6 8. Nf3
Bg7 9. O-O h6 10. Be3 Nbc6 11. Rc1 f5 12. Nb5 Qd8 13. Ne1 a6 14. Nc3 Be6 15.
Bc5 Qd7 16. Qa4 Nd5 17. Nc2 O-O-O 18. Nxd5 Bxd5 19. Bxd5 Qxd5 20. Nb4 Nxb4 21.
Bxb4 Qb5 22. Qxb5 axb5 23. Rc2 c6 24. Rfc1 Kd7 25. Bc3 Rhg8 26. Rd1 Ke6 27.
Rcd2 Rd7 28. e4 fxe4 29. dxe4 Rgd8 30. Rxd7 Rxd7 31. Rxd7 Kxd7 32. f4 Ke6 33.
Kg2 b4 34. Bxe5 Bxe5 35. fxe5 Kxe5 36. Kf3 c5 37. Ke3 b5 38. Kd3 c4+ 39. Ke3 c3
40. bxc3 bxc3 41. a3 c2 42. Kd2 c1=Q+ 43. Kxc1 Kxe4 44. Kc2 Kd4 45. Kb3 Kd5 46.
Kb4 Kc6 47. Ka5 Kc5 48. Ka6 g5 49. Kb7 h5 50. Kc7 h4 51. Kd7 Kd5 52. Kc7 h3 53.
Kd7 Ke4 54. Kc6 Kf3 55. Kxb5 Kg2 56. a4 Kxh2 57. a5 Kxg3 58. a6 h2 0-1

[Event "2. liga D 17/18, Hradec Kralove B-Stefanydes Policka"]
[Site ""]
[Date "2017.11.05"]
[Round "2.1"]
[White "Nun, Jiri"]
[Black "Cerveny, Petr"]
[WhiteElo "2304"]
[BlackElo "2312"]
[Result "1/2-1/2"]
[PlyCount "48"]

1. e4 e6 2. d4 d5 3. e5 c5 4. c3 Nc6 5. Nf3 Qb6 6. Bd3 cxd4 7. cxd4 Bd7 8. O-O
Nxd4 9. Nbd2 Bc5 10. Nxd4 Bxd4 11. Nf3 Ne7 12. Nxd4 Qxd4 13. Re1 Nc6 14. Be3
Qxe5 15. Bc5 Qf6 16. Rc1 e5 17. Bb5 Qe6 18. Rc3 f6 19. Rd3 Ne7 20. Bxd7+ Kxd7
21. Qb3 b6 22. Bxe7 Kxe7 23. Rxd5 Rhd8 24. Qa3+ Kf7 1/2-1/2

[Event "2. liga D 17/18, Hradec Kralove B-Stefanydes Policka"]
[Site ""]
[Date "2017.11.05"]
[Round "2.2"]
[White "Komarek, David"]
[Black "Pokorny, Zdenek"]
[WhiteElo "2154"]
[BlackElo "2237"]
[Result "1/2-1/2"]
[PlyCount "31"]

1. d4 g6 2. g3 Bg7 3. Bg2 c5 4. e3 cxd4 5. exd4 Nc6 6. c3 d6 7. Nf3 e5 8. dxe5
dxe5 9. O-O Be6 10. Qa4 Nge7 11. Be3 O-O 12. Na3 Qc8 13. Ng5 Bd7 14. Rad1 h6
15. Ne4 Nf5 16. Bc5 1/2-1/2

[Event "2. liga D 17/18, Hradec Kralove B-Stefanydes Policka"]
[Site ""]
[Date "2017.11.05"]
[Round "2.3"]
[White "Safarik, Jakub"]
[Black "Svanda, Ondrej"]
[WhiteElo "2196"]
[BlackElo "2036"]
[Result "0-1"]
[PlyCount "68"]

1. d4 Nf6 2. Nf3 e6 3. c4 Bb4+ 4. Nbd2 b6 5. g3 Bb7 6. Bg2 O-O 7. O-O Bxd2 8.
Qxd2 d6 9. d5 exd5 10. Nh4 Ne4 11. Qc2 Re8 12. cxd5 Bxd5 13. b4 Nf6 14. f3 Nbd7
15. Bb2 Bb7 16. Nf5 d5 17. Rac1 Rc8 18. Rfd1 g6 19. Nh6+ Kf8 20. e4 Qe7 21. Bh3
Qxb4 22. Bc3 Qc5+ 23. Kh1 Qe3 24. Bxf6 Qxf3+ 25. Bg2 Qh5 26. Qd2 Nxf6 27. Rf1
Kg7 28. Rxf6 Kxf6 29. Rf1+ Ke6 30. exd5+ Bxd5 31. Re1+ Kd7 32. Rf1 c6 33. Rxf7+
Re7 34. Rf2 Rce8 {bily prekrocil cas} 0-1